00685nam a2200229 i 4500001000400000100002100004245005400025260004600079300002100125650003300146650002100179650001900200650001300219650002100232650002000253655001200273020001500285040000800300041000800308008004100316856009800357bgj1 aMILOFSKY, David.10aPlaying from Memory :ba novel /cDavid Milofsky. aNew York :bSimon and Schuster,cc. 1981. a270 pp ;c24 cm. 9aMultiple sclerosisxPatients 9aFathers and sons 9aMarried people 9aViolists 9aDomestic fiction 9aMusical fiction aFiction a0671252526 cBPK0 aeng s uk f |000 0 eng  uhttp://koha.tu.koszalin.pl/cgi-bin/koha/opac-detail.pl?biblionumber=47512yKatalog online BPK